1516 1114 1233 1005 1018 1497 1465 1875 1854 1152 1982 1392 1347 1383 1487 1201 1062 1410 1715 1430 1288 1263 1895 1211 1515 1876 1035 1072 1058 1633 1959 1548 1149 1318 1373 1598 1675 1416 1999 1316 1991 1010 1460 1409 1539 1063 1877 1520 1570 1891 1586 1605 1350 1829 1648 1863 1337 1665 1957 1316 1115 1994 1993 1017 1351 1505 1397 1196 1131 1095 1169 1418 1832 1304 1155 1284 1000 1262 1792 1554 1187 1079 1169 1332 1301 1079 1386 1978 1579 1006 1902 1005 1568 1895 1546 1502 1509 1319 1858 BCNSPRNW ULIB Ver.6.0+V

เปลี่ยนเป็นภาษาไทย

Change to English
 แสดงรายละเอียดบรรณานุกรม
  กลับหน้าหลัก

Brief Record : Get Marc (ISO 2709) : E-mail record : QR code < ปิดหน้าต่าง
LEADER : 00000nam 2200000uu 4500
001    13399111396
003     ULIB
008    110623s||||||||th 000 0 tha d
020    9789749307878
050 04 BQ1460^bร556น 2552
100 0  รื่นฤทัย สัจจพันธุ์
245 10 นิทานชาดก ฉบับเปรียบเทียบ ในคัมภีร์มหาวัสดุและอรรถกถาชาดก/^cรื่นฤทัย สัจจพันธุ์
250    พิมพ์ครั้งที่ 2
260    กรุงเทพฯ :^bสถาพรบุ๊คส์,^c2552
300    272 หน้า
500    พิมพ์ครั้งที่ 3, 2 ในปีเดียวกัน
504    บรรณานุกรม: หน้า 271-272
650  0 Jataka stories
650  7 ชาดก
650  7 นิทานคติธรรม
945    ^p200^l0^i027548
995    ทศพร
999 ^a ใช้งานได้ทุกระบบ
รายการนี้ยังไม่มีแท็ก
คุณยังไม่ได้ล็อกอิน คุณสามารถมีกิจกรรมร่วมกับเว็บไซต์ได้ แต่ต้องล็อกอินก่อน ::
  ล็อกอิน

รายการสื่อสารสนเทศ

ลำดับที่ ประเภท เลขเรียก/บาร์โค้ด สถานที่ สถานะ
- ไม่พบข้อมูล -

รายการใกล้เคียง
    ผู้แต่ง [รื่นฤทัย สัจจพันธุ์]

    หัวเรื่อง [Jataka stories]
    หัวเรื่อง [ชาดก]
    หัวเรื่อง [นิทานคติธรรม]

BibComment


ยังไม่เคยถูกคอมเมนท์

คอมเมนท์ทรัพยากรรายการนี้
  คอมเมนท์: นิทานชาดก ฉบับเปร..


 Copyright 2026. Bcnsprnw @Library